000 00883nam a2200277 i 4500
001 93307
003 ES-MaACL
005 20230906181152.0
007 t|
008 050513s2004 sp ||||1| spa d
020 _a84-9704-096-
080 _a911.375(460)"19"
080 _a711.434.036(460)
080 _a314.8(460)"19"
100 1 _aBlanco Fernández, Jacobo.
_929249
245 1 3 _aLa emergencia de las nuevas ciudades en la era global /
_cJacobo Blanco Fernández.
260 _aGijón :
_bTrea,
_c[2004]
300 _a262 p. :
_bgráf. ;
_c23 cm.
490 1 _aDesarrollo local ;
_v5
504 _aBibliografía: p. 253-260.
650 1 4 _aDesarrollo urbano-
_zEspaña-
_yS.XX.
_911819
650 4 _aDinámica de población-
_zEspaña-
_yS.XX.
_911894
830 0 _aDesarrollo local ;
_v5
_9232090
852 _aES-MaACL
_jL-29088
_bR.135484
999 _c93307
_d93307